Nuclear Chemistry - Statistics

General Stats
  • This quiz has been taken 36 times
  • The average score is 5 of 7
Answer Stats
Question Answer % Correct
Which is beta decay? 0, -1, β
77%
Which is electron capture? 0, -1, e
77%
Which is alpha decay? 4, 2, He
73%
Which is positron emission? 0, +1, β
69%
Which is attracted to + charge? Beta particles
69%
Which is the largest? Alpha particles
65%
Which is a gamma ray? 0, 0, γ
54%
No matching quizzes found
Score Distribution
Percent of People with Each Score
Percentile by Number Answered
Your Score History
You have not taken this quiz